Central Library OPAC University of Rajshahi

Statistical methods in economics / (Record no. 58154)

MARC details
000 -LEADER
fixed length control field 00741nam a2200241 a 4500
001 - CONTROL NUMBER
control field 58154
003 - CONTROL NUMBER IDENTIFIER
rucl marc code BD-RjUL
005 - DATE AND TIME OF LATEST TRANSACTION
control field 20211209080606.0
008 - FIXED-LENGTH DATA ELEMENTS--GENERAL INFORMATION
fixed length control field 791005s1966 ilua b 000 0 eng
035 ## - SYSTEM CONTROL NUMBER
System control number (BD-RjUL)58278
040 ## - CATALOGING SOURCE
Original cataloging agency BD-RjUL
Language of cataloging eng
Transcribing agency BD-RjUL
Modifying agency BD-RjUL
041 ## - LANGUAGE CODE
Language code of text/sound track or separate title eng
082 ## - DEWEY DECIMAL CLASSIFICATION NUMBER
Classification number 310
Edition number 23
Author mark and year GUS 1966
100 1# - MAIN ENTRY--PERSONAL NAME
Personal name Guthrie, Harold W.
Fuller form of name (Harold Woodson),
Dates associated with a name 1920-
9 (RLIN) 172735
245 10 - TITLE STATEMENT
Title Statistical methods in economics /
Statement of responsibility, etc. Harold W. Guthrie.
260 ## - PUBLICATION, DISTRIBUTION, ETC. (IMPRINT)
Place of publication, distribution, etc. Homewood :
Name of publisher, distributor, etc. R. D. Irwin,
Date of publication, distribution, etc. 1966.
300 ## - PHYSICAL DESCRIPTION
Pagination xiv, 373 p. :
Illustrations ill. ;
Size 24 cm.
490 1# - SERIES STATEMENT
Series statement The Irwin series in economics
504 ## - BIBLIOGRAPHY, ETC. NOTE
Bibliography, etc Bibliographical footnotes.
650 #0 - SUBJECT ADDED ENTRY--TOPICAL TERM
Topical term or geographic name as entry element Statistics.
9 (RLIN) 172736
830 #0 - SERIES ADDED ENTRY--UNIFORM TITLE
Uniform title Irwin series in economics.
942 ## - ADDED ENTRY ELEMENTS (KOHA)
Source of classification or shelving scheme Dewey Decimal Classification
Koha item type Books
Holdings
Lost status Source of classification or shelving scheme Damaged status Not for loan Collection code Permanent Location Current Location Shelving location Date acquired Source of acquisition Cost, normal purchase price Total Checkouts Full call number Date last seen Copy number Koha item type
  Dewey Decimal Classification   Not For Loan Non-fiction Central Library, University of Rajshahi Central Library, University of Rajshahi Reading Room 23/07/1971 Zeitlinger 80.00   310 GUS 1966 17/12/2016 C-1 Books